MARC details
| 000 -CABECERA |
| campo de control de longitud fija |
01713nam a2200337 a 4500 |
| 001 - NÚMERO DE CONTROL |
| campo de control |
BRCA_3316 |
| 005 - FECHA Y HORA DE LA ÚLTIMA TRANSACCIÓN |
| campo de control |
20190320204223.0 |
| 008 - DATOS DE LONGITUD FIJA--INFORMACIÓN GENERAL |
| campo de control de longitud fija |
230309s1877----enka---###---#000-0#eng-# |
| 041 ## - CÓDIGO DE LENGUA |
| Código de lengua del texto/banda sonora o título independiente |
eng |
| 044 ## - CÓDIGO DEL PAÍS DE LA ENTIDAD EDITORA/PRODUCTORA |
| Código MARC del país |
enk |
| 084 ## - OTRO NÚMERO DE CLASIFICACIÓN |
| Número de clasificación |
610 |
| Número de documento/Ítem |
.R68 |
| -- |
1877 |
| 100 1# - ENTRADA PRINCIPAL--NOMBRE DE PERSONA |
| Nombre de persona |
Cervantes Saavedra, Miguel de |
| Fechas asociadas al nombre |
1547-1616 |
| 9 (RLIN) |
213 |
| 245 10 - MENCIÓN DE TÍTULO |
| Título |
Don Quixote de la Mancha |
| Mención de responsabilidad, etc. |
Translated from the Spanish of Miguel de Cervantes Saavedra. |
| 260 ## - PUBLICACIÓN, DISTRIBUCIÓN, ETC. |
| Lugar de publicación, distribución, etc. |
Londres |
| Nombre del editor, distribuidor, etc. |
George Routledge and Sons |
| Fecha de publicación, distribución, etc. |
1877 |
| 300 ## - DESCRIPCIÓN FÍSICA |
| Extensión |
1 v. en 2 partes (viii, 507 p.) |
| Otras características físicas |
il. |
| Dimensiones |
25 cm. |
| 500 ## - NOTA GENERAL |
| Nota general |
Contenido : Primera parte. Prefacio del editor. Noticia biográfica sobre Cervantes basada en la escrita por Pellicer. Prólogo del autor. Segunda parte. Dedicatoria y prólogo del autor |
| 500 ## - NOTA GENERAL |
| Nota general |
Edición : With 50 Page Plates by John Gilbert, Tony Johannot and Others |
| 500 ## - NOTA GENERAL |
| Nota general |
Una de muchas reproducciones de la traducción de Jarvis. Va precedida de una breve biografía de Cervantes, basada en la escrita por J. A. Pellicer, e ilustrada con láminas sobre dibujos de J. Gilbert, T. Johannot y otros. Tela; lomo y planos decorados con adornos en dorado y negro Lúdovik Osterc |
| 500 ## - NOTA GENERAL |
| Nota general |
Estado físico : Primeras páginas desprendidas |
| 500 ## - NOTA GENERAL |
| Nota general |
QM960 |
| 546 ## - NOTA DE LENGUA/LENGUAJE |
| Nota de lengua/lenguaje |
Texto en : inglés |
| 650 14 - PUNTO DE ACCESO ADICIONAL DE MATERIA--TÉRMINO DE MATERIA |
| Término de materia o nombre geográfico como elemento de entrada |
Novela española |
| Subdivisión cronológica |
Época clásica, 1500-1700 |
| 9 (RLIN) |
215 |
| 650 14 - PUNTO DE ACCESO ADICIONAL DE MATERIA--TÉRMINO DE MATERIA |
| Término de materia o nombre geográfico como elemento de entrada |
Literatura española |
| Subdivisión cronológica |
Época clásica, 1500-1700 |
| 9 (RLIN) |
216 |
| 650 14 - PUNTO DE ACCESO ADICIONAL DE MATERIA--TÉRMINO DE MATERIA |
| Término de materia o nombre geográfico como elemento de entrada |
Novela española |
| Subdivisión cronológica |
Siglo XVII |
| 9 (RLIN) |
217 |
| 650 14 - PUNTO DE ACCESO ADICIONAL DE MATERIA--TÉRMINO DE MATERIA |
| Término de materia o nombre geográfico como elemento de entrada |
Don Quijote (Personaje ficticio) |
| Término indicativo de función/relación |
Novela |
| 9 (RLIN) |
218 |
| 700 1# - PUNTO DE ACCESO ADICIONAL--NOMBRE DE PERSONA |
| Nombre de persona |
Gilbert, John |
| Fechas asociadas al nombre |
1817-1897 |
| Término indicativo de función/relación |
Traductor |
| 9 (RLIN) |
8769 |
| 700 1# - PUNTO DE ACCESO ADICIONAL--NOMBRE DE PERSONA |
| Nombre de persona |
Johannot, Tony |
| Fechas asociadas al nombre |
1803-1852 |
| Término indicativo de función/relación |
Ilustrador |
| 9 (RLIN) |
8770 |
| 740 0# - PUNTO DE ACCESO ADICIONAL--TÍTULO RELACIONADO O ANALÍTICO NO CONTROLADO |
| Título relacionado o analítico no controlado |
El Ingenioso Hidalgo Don Quijote de la Mancha |
| 902 ## - CATALOGADOR |
| Iniciales |
QFM |
| 942 ## - ELEMENTOS DE PUNTO DE ACCESO ADICIONAL (KOHA) |
| Fuente del sistema de clasificación o colocación |
Library of Congress Classification |
| Tipo de ítem Koha |
Libros |